Jordan: the Holy Land. (Record no. 549877)
[ view plain ]
| 000 -LEADER | |
|---|---|
| fixed length control field | 00362cam a2200121 4500 |
| 082 00 - DEWEY DECIMAL CLASSIFICATION NUMBER | |
| Classification number | 956.59 |
| Author Mark | ISO |
| -- | L-28, P-93 |
| 245 00 - TITLE STATEMENT | |
| Title | Jordan: the Holy Land. |
| 260 ## - PUBLICATION, DISTRIBUTION, ETC. | |
| Place of publication, distribution, etc. | [Amman?] |
| Name of publisher, distributor, etc. | Jordanian Royal Racing Club |
| Date of publication, distribution, etc. | [196-] |
| 300 ## - PHYSICAL DESCRIPTION | |
| Extent | 137 p. |
| Other physical details | illus. |
| Dimensions | 16 cm. |
| 526 ## - STUDY PROGRAM INFORMATION NOTE | |
| Program name | 0 |
| Interest level | 0 |
| Reading level | 0 |
| Title point value | 956_590000000000000_ISO |
| 710 2# - ADDED ENTRY--CORPORATE NAME | |
| Corporate name or jurisdiction name as entry element | Jordanian Royal Racing Club. |
| 9 (RLIN) | 46569 |
| 942 ## - ADDED ENTRY ELEMENTS (KOHA) | |
| Source of classification or shelving scheme | |
| Koha item type | Book |
| Withdrawn status | Lost status | Source of classification or shelving scheme | Damaged status | Not for loan | Permanent Location | Current Location | Date acquired | Total Checkouts | Full call number | Barcode | Date last seen | Price effective from | Koha item type |
|---|---|---|---|---|---|---|---|---|---|---|---|---|---|
| Military College of Engineering (MCE) | Military College of Engineering (MCE) | 10/15/2014 | 956.59 ISO | MCE-3677/ | 10/15/2014 | 10/15/2014 | Book |
